[Event "Gibraltar Chess Festival 2017 - Masters"]
[Site "Gibraltar ENG"]
[Date "2017.01.24"]
[Round "1.116"]
[White "Chilton, James I"]
[Black "Shachar, Ehud"]
[Result "0-1"]
[WhiteElo "1756"]
[BlackElo "2374"]
[PlyCount "62"]
[EventDate "2017.01.24"]
[EventType "swiss"]
[EventRounds "10"]
[EventCountry "ENG"]
[SourceTitle "Ajedrez en Madrid"]
[Source "lmi"]
[SourceDate "2017.01.24"]

1. d4 e6 2. c4 d5 3. Nc3 c6 4. Nf3 dxc4 5. e3 b5 6. a4 Bb4 7. Bd2 a5 8. Ne4 Bb7
9. Ne5 Nf6 10. Bxb4 Nxe4 11. Qg4 axb4 12. Qxe4 O-O 13. b3 cxb3 14. Bxb5 cxb5
15. Qxb7 Ra5 16. O-O b2 17. Ra2 b3 18. Rxb2 bxa4 19. Nc4 Ra6 20. Ra1 Qd5 21.
Qxd5 exd5 22. Na3 Nd7 23. Rc1 Rb8 24. Kf1 Nb6 25. Ke2 g6 26. Kd3 Nc4 27. Nxc4
dxc4+ 28. Kc3 a3 29. Re2 b2 30. Rb1 a2 31. Rbxb2 a1=Q 0-1

[Event "Gibraltar Chess Festival 2017 - Masters"]
[Site "Gibraltar ENG"]
[Date "2017.01.24"]
[Round "1.117"]
[White "Arakhamia-Grant, Ketevan"]
[Black "Neumanova, Monika"]
[Result "1-0"]
[WhiteElo "2370"]
[BlackElo "1707"]
[PlyCount "63"]
[EventDate "2017.01.24"]
[EventType "swiss"]
[EventRounds "10"]
[EventCountry "ENG"]
[SourceTitle "Ajedrez en Madrid"]
[Source "lmi"]
[SourceDate "2017.01.24"]

1. e4 c5 2. Nf3 Nc6 3. Bb5 e6 4. O-O Nge7 5. d4 cxd4 6. Nxd4 a6 7. Be2 g6 8.
Nc3 Bg7 9. Nb3 O-O 10. a4 b6 11. f4 d5 12. Bf3 dxe4 13. Nxe4 Rb8 14. c3 Bb7 15.
Qe2 Qc7 16. Kh1 Rfd8 17. Bd2 Nd5 18. g3 Rd7 19. Bg2 h6 20. c4 Nde7 21. Bc3 Nf5
22. Nf6+ Bxf6 23. Bxf6 Ncd4 24. Nxd4 Nxd4 25. Qf2 Bxg2+ 26. Qxg2 Qxc4 27. Rfd1
Nb3 28. Rxd7 Nxa1 29. h4 Qxa4 30. Qb7 Qd1+ 31. Rxd1 Rxb7 32. Rd8+ 1-0

[Event "Gibraltar Chess Festival 2017 - Masters"]
[Site "Gibraltar ENG"]
[Date "2017.01.24"]
[Round "1.118"]
[White "Bullock, Lee"]
[Black "Derakhshani, Dorsa"]
[Result "0-1"]
[WhiteElo "1563"]
[BlackElo "2370"]
[PlyCount "62"]
[EventDate "2017.01.24"]
[EventType "swiss"]
[EventRounds "10"]
[EventCountry "ENG"]
[SourceTitle "Ajedrez en Madrid"]
[Source "lmi"]
[SourceDate "2017.01.24"]

1. d4 f5 2. Bf4 Nf6 3. e3 g6 4. Bd3 Bg7 5. Nd2 O-O 6. Ngf3 d6 7. c3 h6 8. h3 c6
9. Qc2 b5 10. g4 g5 11. Bg3 fxg4 12. hxg4 Bxg4 13. Nxg5 hxg5 14. Bh7+ Nxh7 15.
Qxh7+ Kf7 16. Rh6 Rh8 17. Qg6+ Kf8 18. Rxh8+ Bxh8 19. Qxg5 Qd7 20. f3 Be6 21.
O-O-O Bf6 22. Qf4 Bf7 23. Ne4 Qe6 24. Rh1 Qxa2 25. Qh6+ Bg7 26. Qh3 Qe6 27. Qh2
Nd7 28. Kd2 Qa2 29. Ke1 Qb1+ 30. Ke2 Qxb2+ 31. Nd2 Bc4+ 0-1

[Event "Gibraltar Chess Festival 2017 - Masters"]
[Site "Gibraltar ENG"]
[Date "2017.01.24"]
[Round "1.119"]
[White "Omar, Noaman"]
[Black "Beadle, John R"]
[Result "1-0"]
[WhiteElo "2369"]
[BlackElo "1544"]
[PlyCount "50"]
[EventDate "2017.01.24"]
[EventType "swiss"]
[EventRounds "10"]
[EventCountry "ENG"]
[SourceTitle "Ajedrez en Madrid"]
[Source "lmi"]
[SourceDate "2017.01.24"]

1. d4 f5 2. g3 Nf6 3. c4 e6 4. Bg2 d5 5. Qc2 c6 6. Nh3 Bd6 7. O-O O-O 8. Bf4
Bxf4 9. Nxf4 Qe8 10. Nd2 Nbd7 11. Nf3 Ne4 12. Nd3 Ndf6 13. Nfe5 Bd7 14. c5 Ng4
15. Nxg4 fxg4 16. Bxe4 dxe4 17. Ne5 Rd8 18. Qxe4 h5 19. f3 gxf3 20. Rxf3 Rf5
21. Raf1 Bc8 22. Nc4 Rxf3 23. Rxf3 b6 24. Nd6 Qd7 25. Rf7 Qxd6 1-0

[Event "Gibraltar Chess Festival 2017 - Masters"]
[Site "Gibraltar ENG"]
[Date "2017.01.24"]
[Round "1.120"]
[White "Tveten, Per"]
[Black "Thavandiran, Shiyam"]
[Result "0-1"]
[WhiteElo "1486"]
[BlackElo "2367"]
[PlyCount "94"]
[EventDate "2017.01.24"]
[EventType "swiss"]
[EventRounds "10"]
[EventCountry "ENG"]
[SourceTitle "Ajedrez en Madrid"]
[Source "lmi"]
[SourceDate "2017.01.24"]

1. e4 e6 2. Nc3 d5 3. d4 Bb4 4. exd5 exd5 5. Qe2+ Ne7 6. Bd2 Nbc6 7. Nf3 Bg4 8.
Qd3 Bf5 9. Qe3 Bxc2 10. a3 Bxc3 11. Qxc3 Be4 12. Be2 O-O 13. O-O Nf5 14. Be3
Re8 15. Nd2 Nxe3 16. fxe3 Qg5 17. Bf3 Bxf3 18. Rxf3 Re7 19. Re1 Rae8 20. Rg3
Qf6 21. Rf1 Qd6 22. Rff3 Nb8 23. Qd3 Nd7 24. Rh3 g6 25. Rhg3 c5 26. Qb5 cxd4
27. exd4 a6 28. Qd3 Qb6 29. Qc3 Nf6 30. h3 Rc7 31. Qb4 Qxb4 32. axb4 Rc1+ 33.
Kh2 Ree1 34. Rg5 Nh5 35. Rf1 Rxf1 36. Nxf1 Rxf1 37. g4 Nf6 38. Kg2 Rb1 39. Re5
Rxb2+ 40. Kf3 h6 41. h4 Rb3+ 42. Kf4 Rxb4 43. g5 Rxd4+ 44. Ke3 Re4+ 45. Rxe4
Nxe4 46. Kd4 hxg5 47. Kxd5 Nf6+ 0-1

[Event "Gibraltar Chess Festival 2017 - Masters"]
[Site "Gibraltar ENG"]
[Date "2017.01.24"]
[Round "1.124"]
[White "Kuenitz, Klaus"]
[Black "Herzwurm, Robert"]
[Result "0-1"]
[WhiteElo "1690"]
[BlackElo "1690"]
[PlyCount "32"]
[EventDate "2017.01.24"]
[EventType "swiss"]
[EventRounds "10"]
[EventCountry "ENG"]
[SourceTitle "Ajedrez en Madrid"]
[Source "lmi"]
[SourceDate "2017.01.24"]

1. d4 d5 2. c4 Nc6 3. Nc3 dxc4 4. d5 Ne5 5. e4 e6 6. f4 Nd3+ 7. Bxd3 cxd3 8.
Qxd3 Nf6 9. Qb5+ Bd7 10. Qxb7 Bc5 11. dxe6 fxe6 12. e5 Ng4 13. Qf3 Nf2 14. Ne4
Bc6 15. Be3 Bxe4 16. Qxf2 Bxe3 0-1

[Event "Gibraltar Chess Festival 2017 - Masters"]
[Site "Gibraltar ENG"]
[Date "2017.01.25"]
[Round "2.1"]
[White "Krysa, Leandro"]
[Black "Caruana, Fabiano"]
[Result "1/2-1/2"]
[WhiteElo "2491"]
[BlackElo "2827"]
[PlyCount "51"]
[EventDate "2017.01.24"]
[EventType "swiss"]
[EventRounds "10"]
[EventCountry "ENG"]
[SourceTitle "Ajedrez en Madrid"]
[Source "lmi"]
[SourceDate "2017.01.24"]

1. d4 d5 2. c4 c6 3. Nf3 Nf6 4. Nc3 a6 5. c5 g6 6. g3 Bg7 7. Bg2 O-O 8. O-O Bg4
9. Ne5 Bf5 10. h3 Nfd7 11. f4 Nf6 12. Qb3 Qc8 13. g4 Be4 14. Nxe4 Nxe4 15. Bxe4
dxe4 16. f5 gxf5 17. gxf5 Nd7 18. Kh1 Nxe5 19. dxe5 Bxe5 20. Bh6 Rd8 21. f6 Rd3
22. Rg1+ Kh8 23. Bg7+ Kg8 24. Bh6+ Kh8 25. Bg7+ Kg8 26. Bh6+ 1/2-1/2

[Event "Gibraltar Chess Festival 2017 - Masters"]
[Site "Gibraltar ENG"]
[Date "2017.01.25"]
[Round "2.2"]
[White "Vachier-Lagrave, Maxime"]
[Black "Steinberg, Nitzan"]
[Result "1/2-1/2"]
[WhiteElo "2796"]
[BlackElo "2486"]
[PlyCount "57"]
[EventDate "2017.01.24"]
[EventType "swiss"]
[EventRounds "10"]
[EventCountry "ENG"]
[SourceTitle "Ajedrez en Madrid"]
[Source "lmi"]
[SourceDate "2017.01.24"]

1. e4 c5 2. Nf3 d6 3. Bb5+ Nd7 4. O-O a6 5. Bd3 Ngf6 6. Re1 e5 7. c3 Be7 8. Bc2
O-O 9. d4 b5 10. Nbd2 Bb7 11. d5 c4 12. b3 cxb3 13. axb3 g6 14. b4 Rc8 15. Bb2
Nb6 16. Qe2 Nfd7 17. Bb3 f5 18. Qd3 fxe4 19. Nxe4 Nc4 20. Bc1 Ndb6 21. Bh6 Rf5
22. g4 Rf7 23. Nfg5 Rf4 24. h3 Qd7 25. Bc2 Nb2 26. Qd2 N2c4 27. Qd3 Nb2 28. Qd2
N2c4 29. Qd3 1/2-1/2

[Event "Gibraltar Chess Festival 2017 - Masters"]
[Site "Gibraltar ENG"]
[Date "2017.01.25"]
[Round "2.4"]
[White "Ivanchuk, Vassily"]
[Black "Kobo, Ori"]
[Result "0-1"]
[WhiteElo "2752"]
[BlackElo "2482"]
[PlyCount "78"]
[EventDate "2017.01.24"]
[EventType "swiss"]
[EventRounds "10"]
[EventCountry "ENG"]
[SourceTitle "Ajedrez en Madrid"]
[Source "lmi"]
[SourceDate "2017.01.24"]

1. e4 e6 2. d4 d5 3. Nc3 Nf6 4. Bg5 dxe4 5. Nxe4 Be7 6. Bxf6 gxf6 7. Nf3 a6 8.
a4 f5 9. Nc3 Bf6 10. Qd2 Qd6 11. g4 Bd7 12. Qh6 Be7 13. gxf5 exf5 14. Qxd6 Bxd6
15. O-O-O Nc6 16. Bc4 Kf8 17. Kb1 Rg8 18. Ne5 Bxe5 19. dxe5 Be6 20. Bd5 Rg4 21.
b3 Ke7 22. Kb2 Rag8 23. Rd2 Rd8 24. Rhd1 Nxe5 25. Bxb7 Nc4+ 26. bxc4 Rb8 27.
Nd5+ Bxd5 28. Rxd5 Rxb7+ 29. Kc3 Kf6 30. Rc5 Rh4 31. Rc6+ Ke7 32. Re1+ Kd7 33.
Rf6 Rb6 34. Rxf5 Rc6 35. Rxf7+ Kc8 36. f4 Rh3+ 37. Kb4 Rxh2 38. Re8+ Kb7 39.
Rff8 Rch6 0-1

[Event "Gibraltar Chess Festival 2017 - Masters"]
[Site "Gibraltar ENG"]
[Date "2017.01.25"]
[Round "2.5"]
[White "Debashis, Das"]
[Black "Adams, Michael"]
[Result "0-1"]
[WhiteElo "2472"]
[BlackElo "2751"]
[PlyCount "136"]
[EventDate "2017.01.24"]
[EventType "swiss"]
[EventRounds "10"]
[EventCountry "ENG"]
[SourceTitle "Ajedrez en Madrid"]
[Source "lmi"]
[SourceDate "2017.01.24"]

1. d4 Nf6 2. c4 e6 3. Nc3 d5 4. cxd5 exd5 5. Bg5 c6 6. Qc2 h6 7. Bh4 g6 8. e3
Bf5 9. Qb3 g5 10. Bg3 Qb6 11. Nf3 Nbd7 12. Nd2 Nh5 13. Be2 Nxg3 14. hxg3 Nf6
15. a3 Qxb3 16. Nxb3 a5 17. Kd2 Bd6 18. Bd3 Bg6 19. Rae1 Kd7 20. Re2 h5 21. Kc2
b5 22. Nd2 Rhb8 23. Ra1 b4 24. Bxg6 fxg6 25. Na4 Kc7 26. axb4 axb4 27. b3 g4
28. Kd3 Rf8 29. Rc1 Rf7 30. e4 dxe4+ 31. Nxe4 Nxe4 32. Kxe4 Re8+ 33. Kd3 Rxe2
34. Kxe2 Rf5 35. Nb2 Ra5 36. Nc4 Ra2+ 37. Kf1 g5 38. Nxd6 Kxd6 39. Rc4 h4 40.
gxh4 gxh4 41. Kg1 g3 42. fxg3 hxg3 43. Kf1 Rf2+ 44. Ke1 Rxg2 45. Kf1 Rf2+ 46.
Kg1 Kd5 47. Rxb4 Rc2 48. Rb8 Kxd4 49. b4 Rb2 50. Rb6 Kd5 51. Rb8 Ke6 52. Rb7
Kd6 53. Kf1 Rf2+ 54. Kg1 Re2 55. Kf1 g2+ 56. Kg1 Re7 57. Rb8 Rg7 58. Rd8+ Kc7
59. Rd4 Rg8 60. Rc4 Kb6 61. Rf4 Kb5 62. Re4 Rg3 63. Rf4 Rb3 64. Kxg2 Rxb4 65.
Rf1 Rb2+ 66. Kf3 c5 67. Ke3 Kb4 68. Rf8 c4 0-1

[Event "Gibraltar Chess Festival 2017 - Masters"]
[Site "Gibraltar ENG"]
[Date "2017.01.25"]
[Round "2.6"]
[White "Svidler, Peter"]
[Black "Salomon, Johan"]
[Result "1/2-1/2"]
[WhiteElo "2748"]
[BlackElo "2470"]
[PlyCount "59"]
[EventDate "2017.01.24"]
[EventType "swiss"]
[EventRounds "10"]
[EventCountry "ENG"]
[SourceTitle "Ajedrez en Madrid"]
[Source "lmi"]
[SourceDate "2017.01.24"]

1. c4 e5 2. g3 c6 3. Nf3 e4 4. Nd4 d5 5. cxd5 Qxd5 6. Nc2 Nf6 7. Nc3 Qh5 8. h3
Qg6 9. b4 Bd6 10. Bg2 O-O 11. Rb1 Nbd7 12. b5 Nb6 13. O-O Nbd5 14. bxc6 bxc6
15. Nxd5 cxd5 16. Rb3 Qh5 17. Bb2 Bxh3 18. Bxf6 gxf6 19. d3 Rad8 20. Bxh3 Qxh3
21. dxe4 dxe4 22. Qd4 Qe6 23. Qxa7 Ra8 24. Qb6 Rxa2 25. Nd4 Qd7 26. Re3 Rb8 27.
Qc6 Qxc6 28. Nxc6 Re8 29. Rd1 Bf8 30. Kf1 1/2-1/2

[Event "Gibraltar Chess Festival 2017 - Masters"]
[Site "Gibraltar ENG"]
[Date "2017.01.25"]
[Round "2.7"]
[White "Riff, Jean-Noel"]
[Black "Topalov, Veselin"]
[Result "1/2-1/2"]
[WhiteElo "2468"]
[BlackElo "2739"]
[PlyCount "70"]
[EventDate "2017.01.24"]
[EventType "swiss"]
[EventRounds "10"]
[EventCountry "ENG"]
[SourceTitle "Ajedrez en Madrid"]
[Source "lmi"]
[SourceDate "2017.01.24"]

1. e4 c6 2. d4 d5 3. Nc3 dxe4 4. Nxe4 Bf5 5. Ng3 Bg6 6. Nh3 Nf6 7. Bc4 e6 8.
O-O Nbd7 9. f4 Nb6 10. Be2 Qd7 11. a4 Nbd5 12. Ng5 Bd6 13. c4 Ne7 14. Nf3 Rd8
15. Ne5 Qc7 16. Qb3 c5 17. dxc5 Bxc5+ 18. Be3 O-O 19. Bf3 b6 20. Bxc5 Qxc5+ 21.
Kh1 Rd4 22. Ne2 Rd2 23. Qc3 Rfd8 24. b4 Qc7 25. Ng3 a5 26. Rfc1 Nf5 27. Nxf5
Bxf5 28. c5 axb4 29. Qxb4 bxc5 30. Qxc5 Qxc5 31. Rxc5 g5 32. fxg5 Ne4 33. Rcc1
Nxg5 34. Bc6 f6 35. Nf3 Nxf3 1/2-1/2

[Event "Gibraltar Chess Festival 2017 - Masters"]
[Site "Gibraltar ENG"]
[Date "2017.01.25"]
[Round "2.8"]
[White "Yu, Yangyi"]
[Black "Esserman, Marc"]
[Result "1-0"]
[WhiteElo "2738"]
[BlackElo "2468"]
[PlyCount "133"]
[EventDate "2017.01.24"]
[EventType "swiss"]
[EventRounds "10"]
[EventCountry "ENG"]
[SourceTitle "Ajedrez en Madrid"]
[Source "lmi"]
[SourceDate "2017.01.24"]

1. d4 f5 2. Bg5 g6 3. Nc3 Bg7 4. h4 h6 5. Bf4 Nf6 6. Qd3 d6 7. O-O-O O-O 8. e4
fxe4 9. Nxe4 Ng4 10. Qg3 Qe8 11. Bc4+ Kh8 12. Nf3 Bf5 13. Rhe1 Nc6 14. Bd2 Rd8
15. d5 Nce5 16. Nxe5 Nxe5 17. Bb3 c5 18. Nxc5 Rc8 19. Ne4 Qf7 20. f4 Nc4 21.
Bc3 Rc7 22. Bxg7+ Qxg7 23. Qc3 Rfc8 24. Qxg7+ Kxg7 25. Rd4 Kf7 26. Nf2 b5 27.
Re2 Na5 28. c3 Nxb3+ 29. axb3 h5 30. Kd2 a5 31. Nd1 b4 32. c4 a4 33. bxa4 Rxc4
34. Ke3 Rxd4 35. Kxd4 Bc2 36. Ne3 Bxa4 37. Re1 Bd7 38. Ra1 Rc7 39. Ra8 Rb7 40.
b3 Bb5 41. f5 gxf5 42. Nxf5 Be2 43. Ne3 Bb5 44. Ke4 Bd7 45. Rh8 Kg6 46. Rd8 Ba4
47. bxa4 b3 48. Nc4 b2 49. Nd2 b1=Q+ 50. Nxb1 Rxb1 51. Rg8+ Kf7 52. Rg3 Rb4+
53. Kf5 Rxa4 54. Kg5 Rd4 55. Rf3+ Kg7 56. Rf5 Re4 57. Kxh5 e5 58. dxe6 Rxe6 59.
g4 Rh6+ 60. Kg5 Re6 61. h5 Re7 62. h6+ Kh7 63. Kh5 Re1 64. Rf7+ Kg8 65. Rd7
Re5+ 66. g5 Re6 67. Rd8+ 1-0

[Event "Gibraltar Chess Festival 2017 - Masters"]
[Site "Gibraltar ENG"]
[Date "2017.01.25"]
[Round "2.9"]
[White "Paehtz, Elisabeth"]
[Black "Vitiugov, Nikita"]
[Result "0-1"]
[WhiteElo "2468"]
[BlackElo "2724"]
[PlyCount "74"]
[EventDate "2017.01.24"]
[EventType "swiss"]
[EventRounds "10"]
[EventCountry "ENG"]
[SourceTitle "Ajedrez en Madrid"]
[Source "lmi"]
[SourceDate "2017.01.24"]

1. e4 e5 2. Nf3 Nc6 3. Bc4 Bc5 4. d3 Nf6 5. O-O d6 6. c3 a6 7. Bb3 Ba7 8. Re1
h6 9. Nbd2 g5 10. Nf1 g4 11. N3d2 h5 12. Nc4 b5 13. Nce3 Ne7 14. d4 Bb7 15. Nd5
Nxe4 16. Rxe4 Nxd5 17. Re2 Kf8 18. dxe5 dxe5 19. Rxe5 Bxf2+ 20. Kh1 Nf6 21. Qe2
g3 22. Bg5 h4 23. h3 Qd7 24. Be6 Qc6 25. Ne3 Re8 26. Bxf6 Rxe6 27. Rd1 Rxe5 28.
Bxe5 Bxe3 29. Bxh8 Qe6 30. Qg4 Qxg4 31. hxg4 h3 32. Rg1 hxg2+ 33. Rxg2 c5 34.
Be5 Bf2 35. b4 c4 36. Bd6+ Kg7 37. Bc5 Kg6 0-1

[Event "Gibraltar Chess Festival 2017 - Masters"]
[Site "Gibraltar ENG"]
[Date "2017.01.25"]
[Round "2.10"]
[White "Ider, Borya"]
[Black "Naiditsch, Arkadij"]
[Result "0-1"]
[WhiteElo "2463"]
[BlackElo "2702"]
[PlyCount "114"]
[EventDate "2017.01.24"]
[EventType "swiss"]
[EventRounds "10"]
[EventCountry "ENG"]
[SourceTitle "Ajedrez en Madrid"]
[Source "lmi"]
[SourceDate "2017.01.24"]

1. Nf3 Nf6 2. g3 g6 3. b3 d5 4. Bb2 c5 5. Bxf6 exf6 6. d4 Nc6 7. Bg2 cxd4 8.
Nxd4 Bc5 9. e3 Bxd4 10. exd4 Qe7+ 11. Kf1 Be6 12. Nc3 O-O-O 13. Bf3 g5 14. Qd3
f5 15. h4 f4 16. gxf4 gxf4 17. Ne2 Qf6 18. Qd2 Rhg8 19. Qxf4 Qxf4 20. Nxf4 Nxd4
21. Bg2 Bg4 22. c3 Nf3 23. Bxf3 Bxf3 24. Rh3 Be4 25. Rg3 d4 26. cxd4 Rxg3 27.
Rc1+ Bc6 28. fxg3 Rxd4 29. Ke2 Re4+ 30. Kd2 Re8 31. Re1 Rxe1 32. Kxe1 Kd7 33.
Kd2 Kd6 34. b4 Ke5 35. Ke3 Bd7 36. Nd3+ Kd5 37. Nc5 Bc8 38. g4 Kc4 39. Nd3 f6
40. g5 fxg5 41. hxg5 Bf5 42. Nc5 b6 43. Na6 Kb5 44. Nb8 Kxb4 45. Nc6+ Kc5 46.
Ne7 Bb1 47. a3 a5 48. Kd2 Kd4 49. Nc8 b5 50. Nd6 Bd3 51. Nb7 a4 52. Nd8 Be4 53.
Ne6+ Kc4 54. Kc1 Kc3 55. Nc7 Bc6 56. Ne6 Bd7 57. Nf4 Be8 0-1

[Event "Gibraltar Chess Festival 2017 - Masters"]
[Site "Gibraltar ENG"]
[Date "2017.01.25"]
[Round "2.11"]
[White "Matlakov, Maxim"]
[Black "Almagro Llamas, Pablo"]
[Result "1/2-1/2"]
[WhiteElo "2701"]
[BlackElo "2466"]
[PlyCount "63"]
[EventDate "2017.01.24"]
[EventType "swiss"]
[EventRounds "10"]
[EventCountry "ENG"]
[SourceTitle "Ajedrez en Madrid"]
[Source "lmi"]
[SourceDate "2017.01.24"]

1. d4 Nf6 2. c4 e6 3. Nf3 c5 4. d5 d6 5. Nc3 g6 6. e4 Bg7 7. Be2 O-O 8. O-O Re8
9. dxe6 Bxe6 10. Bf4 Bg4 11. Qxd6 Qxd6 12. Bxd6 Nxe4 13. Nxe4 Rxe4 14. Bd3 Re8
15. Bxc5 Nc6 16. Rae1 Bxb2 17. Rb1 Bxf3 18. gxf3 Bd4 19. Bxd4 Nxd4 20. Be4 Ne2+
21. Kg2 Nc3 22. Rxb7 Nxe4 23. fxe4 Rxe4 24. Rc1 Re6 25. c5 Rc6 26. Rc3 Rac8 27.
Rxa7 Rxc5 28. Rf3 Rg5+ 29. Kh3 Rf5 30. Rxf5 gxf5 31. Kg3 Rc2 32. Ra5 1/2-1/2

[Event "Gibraltar Chess Festival 2017 - Masters"]
[Site "Gibraltar ENG"]
[Date "2017.01.25"]
[Round "2.12"]
[White "Javakhishvili, Lela"]
[Black "Cheparinov, Ivan"]
[Result "0-1"]
[WhiteElo "2455"]
[BlackElo "2689"]
[PlyCount "98"]
[EventDate "2017.01.24"]
[EventType "swiss"]
[EventRounds "10"]
[EventCountry "ENG"]
[SourceTitle "Ajedrez en Madrid"]
[Source "lmi"]
[SourceDate "2017.01.24"]

1. d4 f5 2. g3 Nf6 3. Bg2 g6 4. Nf3 Bg7 5. O-O O-O 6. b3 d6 7. Bb2 c6 8. Nbd2
a5 9. a3 Na6 10. c4 Qc7 11. Qc2 Re8 12. Bc3 e5 13. dxe5 dxe5 14. Qb2 Ng4 15. h3
Nh6 16. b4 e4 17. Bxg7 Qxg7 18. Qxg7+ Kxg7 19. Nd4 Rd8 20. e3 Nf7 21. Rfb1 Ne5
22. g4 Nc7 23. gxf5 gxf5 24. Bf1 Kf6 25. f4 Ng6 26. bxa5 Nxf4 27. N2b3 Nfe6 28.
Nxe6 Nxe6 29. Rd1 Bd7 30. Rd6 Ke7 31. c5 Nxc5 32. Nxc5 Rg8+ 33. Kf2 Kxd6 34.
Nxb7+ Kc7 35. a6 Be6 36. Be2 Bd5 37. Rb1 f4 38. Na5 Rab8 39. Rxb8 fxe3+ 40.
Kxe3 Kxb8 41. Bg4 Ka7 42. Nb7 Kxa6 43. Nc5+ Kb6 44. Nxe4 Bxe4 45. Kxe4 Ra8 46.
Kf4 Rxa3 47. Kg5 c5 48. Kh6 c4 49. Bf5 Rf3 0-1

[Event "Gibraltar Chess Festival 2017 - Masters"]
[Site "Gibraltar ENG"]
[Date "2017.01.25"]
[Round "2.13"]
[White "Kovalenko, Igor"]
[Black "Kantans, Toms"]
[Result "1/2-1/2"]
[WhiteElo "2684"]
[BlackElo "2456"]
[PlyCount "116"]
[EventDate "2017.01.24"]
[EventType "swiss"]
[EventRounds "10"]
[EventCountry "ENG"]
[SourceTitle "Ajedrez en Madrid"]
[Source "lmi"]
[SourceDate "2017.01.24"]

1. e4 c5 2. Nf3 d6 3. d4 cxd4 4. Nxd4 Nf6 5. f3 e5 6. Nb3 d5 7. Bg5 dxe4 8.
Qxd8+ Kxd8 9. fxe4 Be6 10. N1d2 Nbd7 11. Bc4 Rc8 12. Bxe6 fxe6 13. O-O-O Be7
14. Rhe1 Ng4 15. Nf3 Bxg5+ 16. Nxg5 Ke7 17. Rd3 Nxh2 18. Nf7 Rhf8 19. Nd6 Rc7
20. Nb5 Rc4 21. Rh3 Rf1 22. Rxf1 Nxf1 23. Rxh7 Kf6 24. Nd6 Rc6 25. Nxb7 Ne3 26.
c3 Nxg2 27. Rh8 Nf4 28. N3a5 Rb6 29. b4 g5 30. Rd8 Ke7 31. Rg8 Nf6 32. Rxg5
Nxe4 33. Rg7+ Kf6 34. Rh7 Nxc3 35. a3 Kg6 36. Rd7 Nb5 37. Kb2 Kf5 38. Nc4 Rc6
39. Nc5 Nd5 40. Rf7+ Nf6 41. a4 Nd6 42. Ne3+ Kf4 43. Ng2+ Kg3 44. Rxf6 Kxg2 45.
Rxe6 Nc4+ 46. Kc3 Rxe6 47. Nxe6 Nd6 48. b5 Kf3 49. Kb4 e4 50. Kc5 Nf5 51. Ng5+
Kf4 52. Nxe4 Kxe4 53. Kc6 Kd4 54. a5 Kc4 55. b6 axb6 56. a6 Nd4+ 57. Kxb6 Nb5
58. a7 Nxa7 1/2-1/2

[Event "Gibraltar Chess Festival 2017 - Masters"]
[Site "Gibraltar ENG"]
[Date "2017.01.25"]
[Round "2.14"]
[White "Cheng, Bobby"]
[Black "Zvjaginsev, Vadim"]
[Result "0-1"]
[WhiteElo "2452"]
[BlackElo "2679"]
[PlyCount "108"]
[EventDate "2017.01.24"]
[EventType "swiss"]
[EventRounds "10"]
[EventCountry "ENG"]
[SourceTitle "Ajedrez en Madrid"]
[Source "lmi"]
[SourceDate "2017.01.24"]

1. d4 d5 2. c4 e6 3. Nf3 Nf6 4. g3 Bb4+ 5. Bd2 Bd6 6. Bg2 O-O 7. O-O c6 8. Qc2
Nbd7 9. Rd1 Re8 10. Bg5 h6 11. Bxf6 Nxf6 12. Nbd2 b6 13. e4 Bf8 14. e5 Nd7 15.
cxd5 cxd5 16. Bf1 a6 17. Bd3 Bb7 18. Nf1 b5 19. Qe2 b4 20. a3 Qb6 21. Ne3 a5
22. a4 Ba6 23. h4 Bxd3 24. Rxd3 Rac8 25. Kh1 Qa6 26. g4 g6 27. Rd2 Qxe2 28.
Rxe2 b3 29. Rd2 Rc7 30. Rd3 Rb8 31. Nd2 Rcb7 32. Rc1 Rb4 33. Rc7 Nb6 34. Nxb3
Nc4 35. Nc5 Bxc5 36. Rxc5 Nxb2 37. Ra3 Ra8 38. Nc2 Rxa4 39. Rb3 Nc4 40. Kg2 Ra2
41. Ne1 Rb2 42. Rxb2 Nxb2 43. Nc2 Nc4 44. Rb5 g5 45. hxg5 hxg5 46. Rb7 a4 47.
Nb4 Na5 48. Rc7 a3 49. Rc3 Nc4 50. Rc2 Rb8 51. Nd3 Rb3 52. Nc5 Rb2 53. Rc1 a2
54. Ra1 Ne3+ 0-1

[Event "Gibraltar Chess Festival 2017 - Masters"]
[Site "Gibraltar ENG"]
[Date "2017.01.25"]
[Round "2.15"]
[White "Kantor, Gergely"]
[Black "Shankland, Samuel L"]
[Result "0-1"]
[WhiteElo "2448"]
[BlackElo "2674"]
[PlyCount "72"]
[EventDate "2017.01.24"]
[EventType "swiss"]
[EventRounds "10"]
[EventCountry "ENG"]
[SourceTitle "Ajedrez en Madrid"]
[Source "lmi"]
[SourceDate "2017.01.24"]

1. d4 Nf6 2. c4 e6 3. Nf3 b6 4. g3 Ba6 5. b3 Bb4+ 6. Bd2 Be7 7. Nc3 d5 8. cxd5
exd5 9. Bg2 O-O 10. O-O Re8 11. Ne5 Bb7 12. Bf4 Nbd7 13. Rc1 Nf8 14. Nd3 c6 15.
b4 Ne6 16. Be5 Ng4 17. b5 c5 18. dxc5 Bxc5 19. e3 Nxe3 20. fxe3 Bxe3+ 21. Kh1
Bxc1 22. Nxc1 Rc8 23. N1e2 Qg5 24. Bd6 Rcd8 25. Bb4 d4 26. Bxb7 dxc3 27. Qb3
Qxb5 28. Rf2 c2 29. Ba3 Qxb3 30. axb3 Nc5 31. Bc6 Re6 32. Bb5 Rd1+ 33. Kg2 Ra1
34. Bb2 Rb1 35. Ba3 Rxb3 36. Bxc5 Rxb5 0-1

[Event "Gibraltar Chess Festival 2017 - Masters"]
[Site "Gibraltar ENG"]
[Date "2017.01.25"]
[Round "2.16"]
[White "Fressinet, Laurent"]
[Black "Cramling, Pia"]
[Result "1/2-1/2"]
[WhiteElo "2660"]
[BlackElo "2454"]
[PlyCount "121"]
[EventDate "2017.01.24"]
[EventType "swiss"]
[EventRounds "10"]
[EventCountry "ENG"]
[SourceTitle "Ajedrez en Madrid"]
[Source "lmi"]
[SourceDate "2017.01.24"]

1. e4 c5 2. Nf3 d6 3. d4 cxd4 4. Nxd4 Nf6 5. Nc3 Nc6 6. Be2 e5 7. Nf3 Be7 8.
O-O O-O 9. Bg5 Be6 10. Bxf6 Bxf6 11. Nd5 Bg5 12. Bc4 Rc8 13. Bb3 Bh6 14. Qd3
Kh8 15. Nc3 Qe7 16. Rfd1 Rfd8 17. Nd5 Qf8 18. c3 Rd7 19. Ne3 Bxe3 20. Qxe3 Qe7
21. Rd3 h6 22. Rad1 b5 23. Qd2 Rcd8 24. Bd5 Bxd5 25. Rxd5 a6 26. Qe2 Qe6 27. a4
bxa4 28. Qxa6 Ne7 29. R5d2 Qb3 30. Ra1 f5 31. exf5 Qf7 32. Qxa4 Qxf5 33. Re1
Ng6 34. Nh4 Nxh4 35. Qxh4 d5 36. h3 d4 37. Red1 Rb8 38. cxd4 Rb4 39. Re1 Rbxd4
40. Rxd4 exd4 41. Qg4 Qf7 42. Rd1 d3 43. Rd2 Qe8 44. Qf4 Rd5 45. Qe3 Qb5 46. f4
Qc4 47. Kh2 Qb5 48. f5 Qd7 49. f6 Qd6+ 50. Kg1 gxf6 51. Qxh6+ Kg8 52. Qg6+ Kh8
53. Qh6+ Kg8 54. Qg6+ Kh8 55. b4 Qf4 56. Qe8+ Kg7 57. Qe7+ Kg6 58. Qe8+ Kg7 59.
Qe7+ Kg6 60. Qe1 Qxb4 61. Qg3+ 1/2-1/2

[Event "Gibraltar Chess Festival 2017 - Masters"]
[Site "Gibraltar ENG"]
[Date "2017.01.25"]
[Round "2.17"]
[White "Howell, David W L"]
[Black "Khademalsharieh, Sarasadat"]
[Result "1-0"]
[WhiteElo "2655"]
[BlackElo "2452"]
[PlyCount "81"]
[EventDate "2017.01.24"]
[EventType "swiss"]
[EventRounds "10"]
[EventCountry "ENG"]
[SourceTitle "Ajedrez en Madrid"]
[Source "lmi"]
[SourceDate "2017.01.24"]

1. e4 e5 2. Nf3 Nc6 3. Nc3 Nf6 4. Bb5 Bc5 5. O-O O-O 6. Nxe5 Nxe5 7. d4 Bd6 8.
f4 Nc6 9. e5 Bb4 10. exf6 Qxf6 11. a3 Ba5 12. Nd5 Qxd4+ 13. Be3 Qxd1 14. Raxd1
d6 15. b4 Bb6 16. Bxb6 cxb6 17. Bxc6 bxc6 18. Ne7+ Kh8 19. Rxd6 c5 20. bxc5
bxc5 21. Rb1 g6 22. Rb5 c4 23. Kf2 Be6 24. Nc6 Bf5 25. Nd4 Be4 26. g3 Rfd8 27.
Rxd8+ Rxd8 28. Ke3 Bd5 29. Ra5 Rd7 30. Nb5 Re7+ 31. Kd2 Bf3 32. Nd4 Rd7 33. Kc3
Bd5 34. Nb5 Re7 35. Rxa7 Re2 36. Rd7 Be6 37. Rd2 Re1 38. a4 Ra1 39. Kb4 Rb1+
40. Kc5 Ra1 41. Nc3 1-0